| 000 | 00747nam a22002537a 4500 | ||
|---|---|---|---|
| 005 | 20170123162319.0 | ||
| 010 | _a194313 | ||
| 020 | _c1.50 | ||
| 035 | _a194313 | ||
| 037 | _bCen Lib/Ret | ||
| 040 |
_aDPL _bUR |
||
| 082 |
_a841 _bب ح ے |
||
| 100 |
_aبحیشور شاد _914217 |
||
| 245 |
_aاداے کفر / _cبحیشور شاد |
||
| 246 |
_aAda-e-kufar / _bby Behishwar Shaad |
||
| 260 |
_aدہلی _bآدرش کتاب گھر _c1962 |
||
| 270 |
_aاردو بازار _bدہلی |
||
| 300 |
_a111p. _c19cm(Hb) |
||
| 650 |
_aاردو ادب _9116078 |
||
| 650 |
_aاردو نظم _9116079 |
||
| 650 |
_aUrdu literature _9116080 |
||
| 650 |
_aUrdu poetry _9116081 |
||
| 942 |
_2ddc _cUR _h841 _mب ح ے |
||
| 999 |
_c106924 _d106924 |
||